000 00479cam a2200193ua 4500
001 8900
005 20260515114411.0
008 150218n ii |||gr||||Z||||||asm
040 _cMAIN
041 _aasm
082 _a891.451
100 _aNeog, M.,
_eEditor.
245 1 _aAsam sahitya sabha varsiki, Digboi
_cEdited by M. Neog
250 _a1st.
260 _aJorhat:
_bChandra,
_c1964.
300 _a158p.
653 _aEast Indo-European & Celtic literatures
942 _cBK
999 _c7987
_d7987